| 000 | nam a22 7a 4500 | ||
|---|---|---|---|
| 999 |
_c28949 _d28949 |
||
| 008 | 170829b xxu||||| |||| 00| 0 eng d | ||
| 050 | _aPL 8702 .K3 1988 | ||
| 100 | _aKabugi, Clement | ||
| 245 | _aTujifunze Kiswahili / | ||
| 260 |
_aNairobi : _bAcme Press, _c1998. |
||
| 300 |
_a260p. ; _c21 cm. |
||
| 942 |
_2lcc _cBOOKS _hPL 8702 .K3 1988 |
||